Wheel of Time - Notables Balefired - Statistics

General Stats
  • This quiz has been taken 46 times
    44 since last reset
  • The average score is 5 of 10
Answer Stats
Hint Answer % Correct
TDR 55 Bel'al
100%
TFoH 55 Rahvin
93%
TFoH 56 Asmodean
83%
ACoS 41 Liah
57%
TGS 22 Semirhage
47%
TGS 37/ToM Prologue Aran'gar
40%
TGS 37/ToM Prologue Delana Mosalaine
30%
TGS 22 Elza Penfell
30%
AMoL 37 Einar
10%
AMoL 37 Kwamesa Taramasu
10%
No matching quizzes found
Score Distribution
Percent of People with Each Score
Percentile by Number Answered
Your Score History
You have not taken this quiz since the last reset